Heat Transfer in Food Processing : Recent Developments and Applications /

Contenido: 1) Modelización numérica de la transferencia de calor en la industria alimenticia: evolución reciente y las aplicaciones; 2) Aplicaciones de redes neurales en operaciones de transferencia de masa y calor en la elaboración de alimentos; 3) Congelación y descongelación de los alimentos: mét...

Fuld beskrivelse

Guardado en:
Bibliografiske detaljer
Hovedforfatter: Yanniotis, Stavros (edición)
Andre forfattere: Sundén, Bengt (edición) (edición)
Format: Bog
Sprog:engelsk
Udgivet: Southampton, Inglaterra : Boston, EUA WIT, 2007, c2007
Serier:(International Series on Developments in Heat Transfer ; 21)
Fag:
Tags: Tilføj Tag
Ingen Tags, Vær først til at tagge denne postø!

MARC

LEADER 00000nam^a2200000^a^4500
001 000284435
005 20250521000000.0
009 20260310111708.253
020 |a 978-1-85312-932-2 
037 |a Acervo ITESO - Biblioteca 
041 |a ING 
082 |a 664. 0015362  |b YAN 
100 |a Yanniotis, Stavros  |e (edición) 
245 1 0 |a Heat Transfer in Food Processing :  |b Recent Developments and Applications /  |c Ed. de S. Yanniotis, B. Sundén. 
264 4 |a Southampton, Inglaterra :  |a Boston, EUA  |b WIT,  |c 2007, c2007 
300 |a 268 p. 
336 |a texto  |b txt  |2 rdacontenido 
337 |a sin mediación  |b n  |2 rdamedio 
338 |a volumen  |b nc  |2 rdasoporte 
440 1 |a (International Series on Developments in Heat Transfer ;  |v 21) 
520 |a Contenido: 1) Modelización numérica de la transferencia de calor en la industria alimenticia: evolución reciente y las aplicaciones; 2) Aplicaciones de redes neurales en operaciones de transferencia de masa y calor en la elaboración de alimentos; 3) Congelación y descongelación de los alimentos: métodos de cálculo y propiedades térmicas de correlación; 4) Microondas y radio-frecuencia aplicadas en la esterilización y pasteurización; 5) Calentamiento óhmico: modelos y mediciones; 6) Procesado antiséptico de líquidos-partículas de alimentos; 7) Fritura en grasas abundante; 8) Transferencia de calor y masa durante la cocción. 
649 |a XX 
650 |a Industria Alimenticia -  |x Tema Principal 
650 |a Transferencia de Masa 
650 |a Transferencia de Calor -  |x Tema Principal 
650 |a Operaciones Unitarias 
650 |a Tecnología de Alimentos 
700 |a Sundén, Bengt  |e (edición) 
910 |a Fondo General 
920 |a Impresos - Libros 
930 |a Colección General 
905 |a 101 
901 |a 0500170762  |b IT1  |c ACC  |u 20250521 
902 |a https://opac.biblio.iteso.mx/vufind/Record/000284435